00878nam a22002177a 4500999001500000001000600015003000900021005001700030008004100047040003800088082002100126100003700147245006600184260008000250300002900330650002100359650003000380942001200410952011900422952011900541 c1145d114512791BD-DhUAP20200203122151.0200203s1991 bg b 000 0 ben  aBD-DhUAPcBD-DhUAPdBD-DhUAPbEng00223a347.5492 PAT aPatwari, A. B. M. Mafizul Islam.10aLegal system of Bangladesh /cA. B. M. Mafizul Islam Patwari. aDhaka, Bangladesh :bHumanist and Ethical Association of Bangladesh,c1991. axvi, 144 pages ;c22 cm. 0aLawzBangladesh. 0aLawzBangladeshxHistory. 2ddccBK 00102ddc4070aUAPCLbUAPCLcGeneral Stacksd2020-02-03o347.5492 PATp3010012791r2020-02-03t1w2020-02-03yBK 00102ddc4070aUAPCLbUAPCLcReserve Stacksd2020-02-03o347.5492 PATp3010008332r2021-02-01t2w2020-02-03yBK